The arctic fox / (Record no. 9454)

MARC details
000 -LEADER
fixed length control field 01039nam a22002777a 4500
001 - CONTROL NUMBER
control field 9454
003 - CONTROL NUMBER IDENTIFIER
control field FISKH
005 - DATE AND TIME OF LATEST TRANSACTION
control field 20260113082119.0
008 - FIXED-LENGTH DATA ELEMENTS--GENERAL INFORMATION
fixed length control field 260113b cb ||||| |||| 00| 0 eng d
020 ## - INTERNATIONAL STANDARD BOOK NUMBER
International Standard Book Number 9780006752837
040 ## - CATALOGING SOURCE
Original cataloging agency FISKH
Language of cataloging eng
Transcribing agency FISKH
Modifying agency FISKH
082 ## - DEWEY DECIMAL CLASSIFICATION NUMBER
Classification number 599.744
100 ## - MAIN ENTRY--PERSONAL NAME
Personal name Ellis , Mary
245 ## - TITLE STATEMENT
Title The arctic fox /
Statement of responsibility, etc. By Mary Elllis : Illustrated by Kady MacDonal Denton
250 ## - EDITION STATEMENT
Edition statement This edition published in 1999
260 ## - PUBLICATION, DISTRIBUTION, ETC.
Place of publication, distribution, etc. London :
Name of publisher, distributor, etc. Collins ,
Date of publication, distribution, etc. 1998 .
300 ## - PHYSICAL DESCRIPTION
Extent 125 pages :
Other physical details illustrations ;
Dimensions 19 cm .
505 ## - FORMATTED CONTENTS NOTE
Formatted contents note O <br/>
520 ## - SUMMARY, ETC.
Summary, etc. When Alex finds a white fox near her home, she is led to an injured man and an amazing story. She and her explorer father travel to the Arctic to return the fox to its natural habitat, and in doing so become involved in an Inuit family reunion.
521 8# - TARGET AUDIENCE NOTE
Target audience note 600 <br/>
Source Lexile estimate <br/>
521 8# - TARGET AUDIENCE NOTE
Target audience note O <br/>
Source Raz-Plus <br/>
650 ## - SUBJECT ADDED ENTRY--TOPICAL TERM
Topical term or geographic name entry element Animals
Form subdivision Children's fiction
700 ## - ADDED ENTRY--PERSONAL NAME
Personal name Denton , Kady MacDonald
Relator term Illustrator
942 ## - ADDED ENTRY ELEMENTS (KOHA)
Source of classification or shelving scheme Dewey Decimal Classification
Koha item type Books
Suppress in OPAC No
Holdings
Withdrawn status Lost status Source of classification or shelving scheme Damaged status Not for loan Collection Home library Current library Shelving location Date acquired Total Checkouts Full call number Barcode Date last seen Price effective from Koha item type
    Dewey Decimal Classification     Juvenile Fiction Footprints International School Library Network Toul Tom Poung Campus Footprints International School Library Network Toul Tom Poung Campus TTP Primary Yellow Bookshelves 01/13/2026   ELL 599.744 FIS00498 01/13/2026 01/13/2026 Books